[Event "WCPL U1850 Panthers v Cardiff Tigers"]
[Site "?"]
[Date "2023.04.16"]
[Round "3"]
[White "Smith, Alun"]
[Black "Harle, Bill"]
[Result "1/2-1/2"]
[WhiteElo "1714"]
[BlackElo "1679"]
[PlyCount "129"]
[EventDate "2023.??.??"]

1. e4 c6 2. d4 d5 3. e5 Bf5 4. Nc3 e6 5. g4 Bg6 6. Nge2 c5 7. h4 h5 8. Nf4 cxd4 9. Nxg6 fxg6 10. Qxd4 Nc6 11. Bb5 a6 12. Bxc6+ bxc6 13. Qd3 Ne7 14. Bg5 hxg4 15. Bxe7 Qxe7 16. Qxg6+ Qf7 17. Qxg4 Bc5 18. O-O-O O-O-O 19. Ne2 Rdf8 20. Nd4 Bxd4 21. Rxd4 Rhg8 22. Ra4 Qf5 23. Qe2 Qxf2 24. Qxa6+ Kc7 25. Qa7+ Qxa7 26. Rxa7+ Kb6 27. Re7 Re8 28. Rxe8 Rxe8 29. Rg1 Re7 30. Kd2 Kc5 31. Kd3 Kb5 32. Rg4 c5 33. b3 Kc6 34. a4 Rf7 35. Rg6 Kd7 36. h5 Ke7 37. Ke3 Rf5 38. Rxg7+ Kf8 39. h6 Rxe5+ 40. Kd3 Rh5 41. Rc7 Rh3+ 42. Kd2 Rxh6 43. Rxc5 Ke7 44. a5 Kd6 45. b4 Rh4 46. c3 Rh2+ 47. Kd3 Rh3+ 48. Kc2 e5 49. a6 Rh7 50. Ra5 Ra7 51. Kd3 Kc6 52. c4 dxc4+ 53. Kxc4 Kb6 54. Rxe5 Rxa6 55. Re6+ Kb7 56. Rxa6 Kxa6 57. Kc5 Kb7 58. Kb5 Kb8 59. Kb6 Ka8 60. Kc7 Ka7 61. b5 Ka8 62. Kb6 Kb8 63. Ka6 Ka8 64. b6 Kb8 65. b7 1/2-1/2

[Event "WCPL U1850 Panthers v Cardiff Tigers"]
[Site "?"]
[Date "2023.04.16"]
[Round "3"]
[White "Lloyd, Gregory"]
[Black "Roberts, Emyr"]
[Result "1/2-1/2"]
[WhiteElo "1372"]
[BlackElo "1651"]
[PlyCount "103"]
[EventDate "2023.??.??"]

1. d4 d6 2. e4 Nf6 3. Nc3 g6 4. Bf4 Bg7 5. Qd2 c6 6. Be2 b5 7. Bf3 O-O 8. Bh6 Qa5 9. Bxg7 Kxg7 10. h3 e5 11. Nce2 Qxd2+ 12. Kxd2 a5 13. c3 a4 14. a3 Be6 15. Nc1 Re8 16. Nd3 Bc4 17. Ne2 Nxe4+ 18. Bxe4 exd4 19. Ng3 dxc3+ 20. bxc3 d5 21. Bf3 Na6 22. Rae1 Bxd3 23. Kxd3 Nc5+ 24. Kc2 Nb3 25. Ne2 Red8 26. Nd4 Na5 27. Rd1 Rac8 28. Rhe1 Rc7 29. Be2 Rb8 30. f4 Rd7 31. g4 Rd6 32. Bd3 Rb7 33. h4 Rf6 34. f5 c5 35. g5 Rfb6 36. Re8 h6 37. f6+ Kh7 38. Nf5 c4 39. Nxh6 cxd3+ 40. Rxd3 Rb8 41. Re7 R6b7 42. Nxf7 Nc4 43. Rxb7 Rxb7 44. Nd8 Rd7 45. Ne6 Kg8 46. Rf3 Kf7 47. Nc5 Nxa3+ 48. Kd1 Rc7 49. Na6 Ra7 50. Nb4 Rd7 51. Rd3 Nc4 52. Kc2 1/2-1/2

[Event "WCPL U1850 Morriston v Full Ponty"]
[Site "?"]
[Date "2023.04.16"]
[Round "3"]
[White "Moore, Bob"]
[Black "Mueser, Christoph"]
[Result "1-0"]
[WhiteElo "1802"]
[BlackElo "1295"]
[PlyCount "59"]
[EventDate "2023.??.??"]

1. d4 d5 2. Nf3 Bf5 3. e3 Nf6 4. Bd3 Bg6 5. Ne5 Nbd7 6. O-O e6 7. f4 Ne4 8. Nd2 Ndf6 9. Ndf3 c5 10. Bb5+ Ke7 11. Qe2 a6 12. Ba4 Qc7 13. c3 b5 14. Bc2 c4 15. Nxg6+ hxg6 16. Bd2 g5 17. Bxe4 Nxe4 18. Ne5 Ke8 19. fxg5 Nxg5 20. e4 f6 21. Bxg5 fxe5 22. exd5 e4 23. Bf4 Bd6 24. Qxe4 Bxf4 25. Rxf4 Rh6 26. Raf1 Rf6 27. Rxf6 gxf6 28. Qxe6+ Qe7 29. Qc6+ Kf7 30. Qxa8 1-0

[Event "WCPL U1850 Morriston v Full Ponty"]
[Site "?"]
[Date "2023.04.16"]
[Round "3"]
[White "Kemil, Herath"]
[Black "Eustis, Ian"]
[Result "0-1"]
[WhiteElo "1100"]
[BlackElo "1838"]
[PlyCount "84"]
[EventDate "2023.??.??"]

1. d4 d5 2. c4 c6 3. Nf3 Nf6 4. Nc3 dxc4 5. e4 b5 6. a3 e6 7. Be3 Bb7 8. e5 Nd5 9. Qd2 Be7 10. h4 h6 11. Be2 Nd7 12. Bd1 N7b6 13. Bc2 Qc7 14. g3 a6 15. Rc1 Nxe3 16. Qxe3 Nd5 17. Nxd5 cxd5 18. Qc3 Qb6 19. b4 a5 20. O-O axb4 21. axb4 O-O 22. Ra1 Rxa1 23. Rxa1 Ra8 24. Ra3 Rxa3 25. Qxa3 Qa6 26. Qxa6 Bxa6 27. Nd2 Bxb4 28. Nb1 Be7 29. Kh2 b4 30. Ba4 c3 31. Bc2 Bc4 32. Nd2 cxd2 33. Bd1 b3 34. Kg1 b2 35. Bc2 b1=Q+ 36. Bxb1 d1=Q+ 37. Kh2 Qxb1 38. h5 Bd3 39. f3 Be2 40. Kg2 Qd3 41. Kf2 Qxf3+ 42. Ke1 Bb4# 0-1

[Event "WCPL Open Cardiff v Newport"]
[Site "?"]
[Date "2023.05.07"]
[Round "4"]
[White "Fathallah, Joe"]
[Black "Varley, Peter"]
[Result "1-0"]
[WhiteElo "2081"]
[BlackElo "2232"]
[PlyCount "67"]
[EventDate "2023.??.??"]

1. d4 d5 2. c4 c6 3. Nc3 Nf6 4. Nf3 e6 5. e3 Nbd7 6. Bd3 dxc4 7. Bxc4 b5 8. Bd3 Bd6 9. e4 e5 10. d5 b4 11. dxc6 Nc5 12. Nb5 O-O 13. O-O Ba6 14. a4 bxa3 15. Rxa3 Bxb5 16. Bxb5 Qc7 17. Re1 Rab8 18. Bc4 Ncxe4 19. Rae3 Nxf2 20. Kxf2 Ng4+ 21. Kf1 Nxe3+ 22. Rxe3 Qxc6 23. b3 Rfd8 24. Qe2 Bc7 25. Ba3 Bd6 26. Bxd6 Rxd6 27. Nxe5 Rf6+ 28. Kg1 Qc7 29. Nxf7 Rxf7 30. Re7 Qc5+ 31. Kh1 Qc6 32. h3 g6 33. Rxa7 Kh8 34. Bxf7 1-0

[Event "WCPL Open Cardiff v Newport"]
[Site "?"]
[Date "2023.05.07"]
[Round "4"]
[White "Blohm, Leslie"]
[Black "Davies, Matthew"]
[Result "1/2-1/2"]
[WhiteElo "1971"]
[BlackElo "1952"]
[PlyCount "67"]
[EventDate "2023.??.??"]

1. e4 e6 2. d4 d5 3. Nc3 Nf6 4. Bg5 Be7 5. e5 Nfd7 6. h4 h6 7. Bxe7 Qxe7 8. Qg4 g6 9. f4 h5 10. Qg5 Nc6 11. O-O-O a6 12. Nf3 Nb6 13. Rh3 Bd7 14. Rd2 O-O-O 15. Nd1 Kb8 16. Ne3 Rc8 17. c3 Qf8 18. Qg3 Ne7 19. Qf2 Nf5 20. Ne1 Bb5 21. N1c2 Qe7 22. Kb1 Nxe3 23. Nxe3 Bxf1 24. Qxf1 c5 25. Qf2 Na4 26. Rf3 Rc7 27. g3 Rhc8 28. Nc2 c4 29. Re3 b5 30. a3 Ka7 31. Qf3 Nb6 32. Kc1 Nd7 33. Kd1 Nb8 34. f5 1/2-1/2

[Event "WCPL Open Cardiff v Newport"]
[Site "?"]
[Date "2023.05.07"]
[Round "4"]
[White "Korovski, Georgi"]
[Black "Gibiec, Barbara"]
[Result "1-0"]
[WhiteElo "1841"]
[BlackElo "1929"]
[PlyCount "79"]
[EventDate "2023.??.??"]

1. e4 e6 2. d4 d5 3. e5 c5 4. c3 Nc6 5. Nf3 h6 6. Bd3 Bd7 7. O-O Qb6 8. Re1 cxd4 9. Qe2 dxc3 10. Nxc3 g5 11. a3 a6 12. b4 Qc7 13. Bb2 b5 14. Nxd5 Qd8 15. Rad1 Bg7 16. h3 Kf8 17. Ne3 Nge7 18. Be4 Rc8 19. Ng4 Qc7 20. Nf6 Be8 21. Nh5 Nd8 22. Nxg7 Kxg7 23. Nd4 Ng6 24. Rc1 Qb8 25. Bxg6 Kxg6 26. Qe4+ Kg7 27. Nf5+ Kf8 28. Nd6 Rc7 29. Rxc7 Qxc7 30. Rc1 Bc6 31. Qe3 Qb8 32. Bd4 Bd7 33. Qf3 Rh7 34. Bc5 Kg8 35. Qf6 Nc6 36. f4 gxf4 37. Qxf4 Qd8 38. Rc3 Be8 39. Ne4 Rg7 40. Nf6+ 1-0

[Event "WCPL Open Cardiff v Newport"]
[Site "?"]
[Date "2023.05.07"]
[Round "4"]
[White "Rovaretti, David"]
[Black "Hurley, Jake"]
[Result "1-0"]
[WhiteElo "1706"]
[BlackElo "1841"]
[Annotator "Paul,Hatchett"]
[PlyCount "50"]
[EventDate "2023.??.??"]

1. e4 c6 2. Nc3 d5 3. exd5 cxd5 4. d4 Bf5 5. Bd3 Bg6 6. Nf3 Nc6 7. a3 e6 8. Be3 Nf6 9. Ne5 Nxe5 10. dxe5 Nd7 11. f4 Rc8 12. O-O Bxd3 13. cxd3 a6 14. d4 g6 15. Qg4 Rc4 16. Rf2 Qc7 17. Raf1 Be7 18. Qh3 Bxa3 19. f5 Bxb2 20. fxe6 Nxe5 21. Nxd5 Qd6 22. Nf6+ Ke7 23. dxe5 Qxe6 24. Qxe6+ Kxe6 25. Rxb2 Kxe5 {Rest of the moves are unintelligible on both scoresheets} 1-0

[Event "WCPL Open Cardiff v Newport"]
[Site "?"]
[Date "2023.05.07"]
[Round "4"]
[White "Wagner, Guy"]
[Black "Gibiec, Matteusz"]
[Result "0-1"]
[WhiteElo "1650"]
[BlackElo "1722"]
[PlyCount "92"]
[EventDate "2023.??.??"]

1. c4 e5 2. Nc3 Bb4 3. Qc2 Nc6 4. Nd5 Nf6 5. Nf3 d6 6. e3 Be6 7. a3 Ba5 8. b4 Bb6 9. Nxf6+ Qxf6 10. Bb2 Rd8 11. Be2 Bf5 12. Qd1 O-O 13. d3 a5 14. b5 Ne7 15. Qc2 Qh6 16. Qc3 Ng6 17. Bc1 e4 18. Nd4 Bxd4 19. Qxd4 exd3 20. Bxd3 Bxd3 21. Qxd3 Qg5 22. g3 Ne5 23. Qe2 Qf5 24. O-O Qe6 25. Bd2 Nxc4 26. Rfc1 d5 27. Be1 Rfe8 28. Qf3 c6 29. a4 Rd6 30. Rab1 c5 31. Rd1 b6 32. Bc3 Qe4 33. Qxe4 Rxe4 34. Ra1 f6 35. Kg2 Kf7 36. Kf3 Ke6 37. h4 Kf5 38. Rd3 d4 39. exd4 cxd4 40. Rad1 Ne5+ 41. Kg2 Nxd3 42. Rxd3 dxc3 43. Rxd6 Rc4 44. Rd1 c2 45. Rc1 Ke4 46. Kf1 Kd3 0-1

[Event "WCPL Open White Knights v Full Ponty"]
[Site "?"]
[Date "2023.05.07"]
[Round "4"]
[White "Robinson, David"]
[Black "Hewitt, William"]
[Result "1/2-1/2"]
[WhiteElo "1859"]
[BlackElo "2071"]
[Annotator "Home"]
[PlyCount "41"]
[EventDate "2023.??.??"]

{[%evp 0,41,27,14,27,7,39,39,36,36,34,24,23,19,19,9,18,-14,-9,-9,-32,-40,-40,-40,-36,-38,-35,-38,-35,-36,-42,-23,-30,-21,-13,-39,-8,-5,1,0,1,0,62,56]} 1. d4 Nf6 2. Nf3 g6 3. Bf4 Bg7 4. e3 O-O 5. Be2 b6 6. O-O Bb7 7. c4 d6 8. h3 Ne4 9. Qc2 Nd7 10. Nc3 Nxc3 11. Qxc3 Qe8 12. Rfe1 e5 13. Bh2 Qe7 14. Rad1 e4 15. Nd2 a5 16. Qc2 Rfe8 17. a3 h5 18. Nb1 Rac8 19. Qb3 Rb8 20. Nc3 c6 21. Qc2 1/2-1/2

[Event "WCPL Open White Knights v Full Ponty"]
[Site "?"]
[Date "2023.05.07"]
[Round "4"]
[White "May, Adam"]
[Black "James, Dai"]
[Result "1/2-1/2"]
[WhiteElo "1908"]
[BlackElo "1848"]
[PlyCount "102"]
[EventDate "2023.??.??"]

1. d4 Nf6 2. Nf3 e6 3. g3 b6 4. Bg2 Bb7 5. O-O Be7 6. c4 d5 7. cxd5 exd5 8. Nc3 O-O 9. Ne5 Nbd7 10. Qa4 Nxe5 11. dxe5 Ne4 12. Nxe4 dxe4 13. Bxe4 Qc8 14. Bxb7 Qxb7 15. Bf4 c5 16. Rfd1 Rfd8 17. Rac1 Rac8 18. Qc2 Qc6 19. Qf5 a6 20. h4 Qe6 21. Qxe6 fxe6 22. e4 b5 23. Be3 Kf7 24. Kg2 Ke8 25. Rxd8+ Kxd8 26. f4 c4 27. f5 Bc5 28. Bg5+ Ke8 29. Rd1 h6 30. Bf4 Ke7 31. g4 b4 32. g5 hxg5 33. Bxg5+ Kf8 34. h5 c3 35. bxc3 bxc3 36. Bc1 Be7 37. h6 gxh6 38. Bxh6+ Kf7 39. Bc1 Rd8 40. Rxd8 Bxd8 41. Kf3 Bc7 42. Ke2 Bxe5 43. Kd3 Kf6 44. Be3 exf5 45. exf5 Kxf5 46. Bf2 Ke6 47. Be1 Kd5 48. Bxc3 Bxc3 49. Kxc3 Kc5 50. Kb3 Kb5 51. a4+ Kc5 1/2-1/2

[Event "WCPL Open White Knights v Full Ponty"]
[Site "?"]
[Date "2023.05.07"]
[Round "4"]
[White "Macdonald, Duncan"]
[Black "Thomas, Mark"]
[Result "1-0"]
[WhiteElo "1879"]
[BlackElo "1916"]
[PlyCount "59"]
[EventDate "2023.??.??"]

1. c4 g6 2. Nc3 Bg7 3. e4 d6 4. d4 Nf6 5. Nf3 O-O 6. h3 b6 7. Be3 c5 8. d5 Na6 9. Be2 Nc7 10. Qd2 a6 11. a4 Rb8 12. O-O Bd7 13. Bh6 b5 14. Bxg7 Kxg7 15. e5 dxe5 16. Nxe5 bxc4 17. Bxc4 Be8 18. Rfd1 Qd6 19. Qe2 Nh5 20. b3 Qf6 21. Rac1 Rb6 22. Ng4 Qd6 23. Ne4 Qd8 24. Nxc5 Nf6 25. Nxf6 exf6 26. Qe3 Rd6 27. Nb7 Qd7 28. Qc5 Rxd5 29. Bxd5 Nxd5 30. Qxd5 1-0

[Event "WCPL U1850 Cardiff v Morriston"]
[Site "?"]
[Date "2023.05.07"]
[Round "4"]
[White "Quinn, Peter"]
[Black "Eustis, Ian"]
[Result "1/2-1/2"]
[WhiteElo "1823"]
[BlackElo "1838"]
[PlyCount "74"]
[EventDate "2023.??.??"]

1. e4 d5 2. exd5 Qxd5 3. Nc3 Qd8 4. d4 c6 5. Nf3 Bf5 6. Bd3 Bxd3 7. Qxd3 Nf6 8. h3 e6 9. Bf4 Be7 10. O-O-O Qa5 11. Kb1 Nbd7 12. g4 Nd5 13. Nxd5 cxd5 14. Rhe1 Rc8 15. Ng5 Nf8 16. Bd2 Qb6 17. h4 h6 18. Nf3 Bb4 19. Qb3 Bxd2 20. Qxb6 axb6 21. Rxd2 Nd7 22. Ne5 Nxe5 23. Rxe5 Ke7 24. Rde2 Rhd8 25. f4 Rd6 26. c3 f6 27. R5e3 Kf7 28. Kc2 Rc7 29. Kd3 g6 30. Rf3 f5 31. gxf5 exf5 32. Re5 Re7 33. Rfe3 Rde6 34. b3 b5 35. Rxe6 Rxe6 36. Re5 Rd6 37. Ke3 Kf6 1/2-1/2

[Event "WCPL U1850 Cardiff v Morriston"]
[Site "?"]
[Date "2023.05.07"]
[Round "4"]
[White "Smith, Andrew"]
[Black "Zedlmayer, Leon"]
[Result "0-1"]
[WhiteElo "1688"]
[BlackElo "1665"]
[PlyCount "62"]
[EventDate "2023.??.??"]

1. e4 c5 2. Nf3 d6 3. d4 cxd4 4. Nxd4 Nf6 5. Nc3 a6 6. Be3 e5 7. Nf3 Be6 8. Ng5 Be7 9. Nxe6 fxe6 10. Bc4 Qd7 11. f3 b5 12. Bb3 Nc6 13. a3 O-O 14. Qd2 Kh8 15. Rd1 Rac8 16. O-O Na5 17. Ba2 Nc4 18. Bxc4 Rxc4 19. Kh1 Rfc8 20. Qf2 b4 21. axb4 Rxb4 22. Bc1 d5 23. Rd3 Qc6 24. Na2 Ra4 25. Nc3 Ra1 26. Rd2 Bc5 27. Qh4 a5 28. Rfd1 Be3 29. exd5 exd5 30. Nxd5 Bxd2 31. Ne7 Qxc2 0-1

[Event "WCPL U1850 Cardiff v Morriston"]
[Site "?"]
[Date "2023.05.07"]
[Round "4"]
[White "Fox, Chris"]
[Black "Stuart, Neil"]
[Result "1-0"]
[WhiteElo "1601"]
[BlackElo "1588"]
[PlyCount "63"]
[EventDate "2023.??.??"]

1. Nf3 Nf6 2. g3 d5 3. d4 g6 4. Bg2 Bg7 5. O-O O-O 6. c4 c6 7. Nbd2 a5 8. Re1 Re8 9. e4 dxe4 10. Nxe4 Nbd7 11. Nc3 Nb6 12. b3 Bg4 13. Bb2 a4 14. Nxa4 Nxa4 15. bxa4 Qa5 16. a3 Qxa4 17. Qxa4 Rxa4 18. Rac1 Bh6 19. Rc2 Bg7 20. Ne5 Bf5 21. Rc3 Rd8 22. Rb3 Bc8 23. Rd1 Ne8 24. d5 Bxe5 25. Bxe5 Rxc4 26. Bf3 Nf6 27. d6 Nd5 28. Bxd5 cxd5 29. dxe7 Re8 30. Rxd5 Rc1+ 31. Kg2 Be6 32. Rd8 1-0

[Event "WCPL U1850 White Knights v Panthers"]
[Site "?"]
[Date "2023.05.07"]
[Round "4"]
[White "Westcott, Dale"]
[Black "Szakmany, Bence"]
[Result "0-1"]
[WhiteElo "1667"]
[BlackElo "1700"]
[PlyCount "68"]
[EventDate "2023.??.??"]

1. d4 Nf6 2. Nf3 d5 3. g3 e6 4. Bg2 Be7 5. O-O O-O 6. c4 c6 7. Bf4 dxc4 8. Nbd2 b5 9. a4 Bb7 10. axb5 cxb5 11. Qc2 Nc6 12. Be5 Nb4 13. Qb1 Nd7 14. Ng5 Bxg5 15. Bxb7 Bxd2 16. Bxa8 Qxa8 17. Bd6 Rc8 18. Qd1 Qd5 19. Qxd2 Qxd6 20. Rxa7 Nc6 21. Ra6 Nc5 22. Rb6 Qxd4 23. Qxd4 Nxd4 24. e3 Na4 25. Rb7 Ne2+ 26. Kg2 Nxb2 27. Rxb5 Nd3 28. Kf3 Nc3 29. Rb7 Nc5 30. Rb4 Nb3 31. Re1 g6 32. e4 Nd2+ 33. Kg4 Ndxe4 34. f3 Nf2+ 0-1

[Event "WCPL U1850 White Knights v Panthers"]
[Site "?"]
[Date "2023.05.07"]
[Round "4"]
[White "Smith, Alun"]
[Black "Daniels, Chris"]
[Result "1/2-1/2"]
[WhiteElo "1714"]
[BlackElo "1671"]
[PlyCount "53"]
[EventDate "2023.??.??"]

1. e4 d6 2. d4 Nf6 3. Nc3 g6 4. Nf3 Bg7 5. h3 O-O 6. Bc4 Nc6 7. O-O e5 8. Be3 a6 9. a4 b6 10. Qd2 Bb7 11. Rfe1 exd4 12. Bxd4 Nxd4 13. Nxd4 Re8 14. f3 Qd7 15. a5 b5 16. Ba2 Re7 17. Nde2 Rae8 18. Rad1 Re5 19. b4 R5e7 20. Nd5 Nxd5 21. Bxd5 Bxd5 22. Qxd5 Re5 23. Qb7 Qc8 24. Qxc8 Rxc8 25. Nf4 Bf8 26. Nd5 Kg7 27. c3 1/2-1/2

[Event "WCPL U1850 White Knights v Panthers"]
[Site "?"]
[Date "2023.05.07"]
[Round "4"]
[White "Prabhu, Vismith"]
[Black "Zografos, Lef"]
[Result "0-1"]
[WhiteElo "1258"]
[BlackElo "1750"]
[PlyCount "98"]
[EventDate "2023.??.??"]

1. d4 d5 2. c4 e5 3. dxe5 d4 4. Nf3 Nc6 5. g3 Nge7 6. Bg2 Ng6 7. O-O Ngxe5 8. Nxe5 Nxe5 9. b3 Bc5 10. Bb2 Nc6 11. Nd2 Bf5 12. Nf3 Qd7 13. a3 a5 14. Qd2 O-O 15. Rfd1 Rad8 16. Nh4 Bg4 17. Kh1 b6 18. f3 Bh3 19. Qe1 g5 20. Bxh3 Qxh3 21. Ng2 Rd6 22. Bc1 Rh6 23. Qg1 f6 24. e4 Ne5 25. Ne1 Rd8 26. Qg2 Qh5 27. Be3 Qe8 28. Bg1 Qe7 29. a4 Nc6 30. Nd3 Nb4 31. f4 Rg6 32. f5 Rg7 33. Nxb4 Bxb4 34. Rxd4 Rxd4 35. Bxd4 c5 36. Bf2 Qe5 37. Rd1 Re7 38. Be1 Bxe1 39. Rxe1 Qc3 40. Rb1 Qd3 41. Re1 Qxb3 42. e5 fxe5 43. Qd5+ Kf8 44. Rxe5 Qb1+ 45. Kg2 Qb2+ 46. Kh3 Qxe5 47. Qd8+ Kf7 48. Qxb6 Qxf5+ 49. Kg2 Re2+ 0-1

[Event "WCPL U1850 White Knights v Panthers"]
[Site "?"]
[Date "2023.05.07"]
[Round "4"]
[White "Choo Yin, Kam"]
[Black "Davies, Aaron"]
[Result "1-0"]
[WhiteElo "1661"]
[BlackElo "1100"]
[PlyCount "95"]
[EventDate "2023.??.??"]

1. c4 g6 2. Nc3 Bg7 3. g3 Nf6 4. Bg2 d6 5. d4 c5 6. dxc5 O-O 7. cxd6 exd6 8. Nf3 Nc6 9. O-O Be6 10. Nd5 Qa5 11. Ng5 h6 12. Nxe6 fxe6 13. Nxf6+ Rxf6 14. Bxc6 bxc6 15. Qxd6 e5 16. Qe7 Raf8 17. Be3 R8f7 18. Qe8+ Kh7 19. Qc8 Rc7 20. Qh3 e4 21. Bd4 Rd6 22. Bxg7 Kxg7 23. Qg4 Rd4 24. b3 Rcd7 25. e3 h5 26. Qe6 Rd2 27. Qxe4 R7d6 28. a3 Qc3 29. b4 Qd3 30. Qe7+ Kh6 31. c5 Rd7 32. Qf8+ Kh7 33. Qf6 Qe4 34. Rfe1 Qd5 35. e4 Rf7 36. exd5 Rxf6 37. Rf1 Rxd5 38. Rad1 Rff5 39. Rfe1 Kh6 40. Rxd5 Rxd5 41. Re6 Kg5 42. Rxc6 Kg4 43. Kg2 g5 44. Rd6 Re5 45. c6 Re2 46. Rf6 h4 47. h3+ Kh5 48. g4# 1-0

[Event "WCPL Full Ponty v Cardiff"]
[Site "?"]
[Date "2023.05.21"]
[Round "5"]
[White "Perrett, David"]
[Black "Brown, Tom"]
[Result "0-1"]
[WhiteElo "2026"]
[BlackElo "2116"]
[PlyCount "98"]
[EventDate "2023.??.??"]

1. d4 d5 2. Bf4 c5 3. c3 Nc6 4. e3 cxd4 5. exd4 Bf5 6. Nf3 e6 7. Qb3 Qd7 8. Na3 a6 9. Ne5 Nxe5 10. Bxe5 Ne7 11. Nc2 Nc6 12. Ne3 Bg6 13. Bg3 b5 14. Qd1 b4 15. Bd3 bxc3 16. bxc3 Bd6 17. O-O Bxg3 18. hxg3 O-O 19. Bxg6 hxg6 20. Qa4 Rfc8 21. Rfc1 Ne5 22. Qxd7 Nxd7 23. c4 dxc4 24. d5 exd5 25. Nxd5 Rc5 26. Ne3 Rac8 27. Rc3 Ne5 28. Rac1 Nd3 29. R1c2 Nb4 30. Rd2 f5 31. a3 Nd3 32. Rdc2 Ne5 33. f4 Ng4 34. Rxc4 Rxc4 35. Rxc4 Rxc4 36. Nxc4 Kf7 37. Kf1 Ke6 38. Ke2 Kd5 39. Kd3 Nf2+ 40. Kc3 Ne4+ 41. Kd3 Nxg3 42. Nb6+ Kc6 43. Nc4 Kb5 44. Nb2 Nh5 45. Ke3 Kc5 46. Kf3 Kd4 47. g4 Nf6 48. gxf5 gxf5 49. Na4 Nd5 0-1

[Event "WCPL Full Ponty v Cardiff"]
[Site "?"]
[Date "2023.05.21"]
[Round "5"]
[White "Bullen, Alex"]
[Black "Jukes, Sam"]
[Result "1-0"]
[WhiteElo "2201"]
[BlackElo "2061"]
[PlyCount "61"]
[EventDate "2023.??.??"]

1. d4 Nf6 2. Nf3 b6 3. Bg5 Bb7 4. Bxf6 exf6 5. h4 h5 6. e3 d5 7. Bd3 Qd7 8. Nfd2 Bd6 9. Qf3 Qg4 10. Be2 f5 11. c4 Na6 12. Nc3 Nb4 13. Rc1 Qxf3 14. Nxf3 dxc4 15. Bxc4 O-O 16. a3 Ba6 17. Nb5 Bxb5 18. Bxb5 a6 19. Be2 Nd5 20. Ng5 Nf6 21. O-O g6 22. Rc6 a5 23. Nf3 Nd5 24. Nd2 Ne7 25. Rc2 Rfd8 26. Nc4 f4 27. e4 Nc6 28. Rd1 Ne7 29. e5 Bxe5 30. Nxe5 Nf5 31. Nf3 1-0

[Event "WCPL Full Ponty v Cardiff"]
[Site "?"]
[Date "2023.05.21"]
[Round "5"]
[White "Adams, Mark"]
[Black "Rathbone-Jones, Ifan"]
[Result "1/2-1/2"]
[WhiteElo "1968"]
[BlackElo "2051"]
[PlyCount "144"]
[EventDate "2023.??.??"]

1. e4 d5 2. exd5 Nf6 3. d4 c6 4. dxc6 Nxc6 5. Nf3 Bg4 6. Be2 e5 7. c3 exd4 8. Nxd4 Nxd4 9. Bxg4 Nxg4 10. Qxd4 Qxd4 11. cxd4 O-O-O 12. Be3 Bb4+ 13. Nc3 Rhe8 14. Kd2 Re6 15. Rac1 Kb8 16. a3 Ba5 17. b4 Bb6 18. Ne2 Rde8 19. Nf4 Re4 20. Nd5 Bxd4 21. Bf4+ Rxf4 22. Nxf4 Bxf2 23. Nd5 Rd8 24. Ke2 Rxd5 25. h3 Ne5 26. Kxf2 Nd3+ 27. Ke3 Nxc1 28. Rxc1 a5 29. Rc4 axb4 30. axb4 h5 31. g4 h4 32. g5 Rxg5 33. Rxh4 Kc7 34. Rc4+ Kd6 35. h4 Rg1 36. Rd4+ Kc6 37. Kd2 f5 38. Rf4 g6 39. h5 gxh5 40. Rxf5 Rh1 41. Kc2 h4 42. Rh5 h3 43. Kb2 h2 44. Kc2 Kd6 45. Kb2 Ke6 46. Ka2 Kf6 47. Kb2 Kg6 48. Rh3 Kf5 49. Rh8 Ke4 50. b5 b6 51. Rh5 Kd4 52. Ka2 Kc3 53. Rh3+ Kc2 54. Rh5 Kc1 55. Kb3 Kb1 56. Ka3 Kc2 57. Ka2 Kd1 58. Rd5+ Kc1 59. Rh5 Rd1 60. Rxh2 Rd2+ 61. Rxd2 Kxd2 62. Kb3 Kd3 63. Kb4 Kd4 64. Ka4 Kc3 65. Ka3 Kc4 66. Ka4 Kc5 67. Ka3 Kxb5 68. Kb3 Kc5 69. Kc3 Kc6 70. Kc4 b5+ 71. Kb4 Kb6 72. Kb3 b4 1/2-1/2

[Event "WCPL Full Ponty v Cardiff"]
[Site "?"]
[Date "2023.05.21"]
[Round "5"]
[White "Vikova, Anezka"]
[Black "Davis, Lee"]
[Result "0-1"]
[WhiteElo "1982"]
[BlackElo "1944"]
[Annotator "Paul,Hatchett"]
[PlyCount "116"]
[EventDate "2023.??.??"]

1. e4 g6 2. Nc3 Bg7 3. Bc4 c5 4. f4 d6 5. Nf3 Nc6 6. O-O Nf6 7. d4 cxd4 8. Nxd4 Qb6 9. Be3 Ng4 10. Nf5 Nxe3 11. Nxg7+ Kf8 12. Na4 Qd4 13. Qxd4 Nxd4 14. c3 Nc6 15. f5 Nxc4 16. Ne6+ Bxe6 17. fxe6 f6 18. b3 N4e5 19. c4 b6 20. Nc3 Nd8 21. Rad1 Nxe6 22. Rd2 Nc7 23. h3 Kg7 24. Kh2 Rhf8 25. g4 Rad8 26. Ne2 Rc8 27. Nd4 Kg8 28. Kg3 Rf7 29. h4 a6 30. a4 Rb8 31. Rc1 Rc8 32. Rh2 Ne8 33. h5 g5 34. a5 b5 35. Rhc2 bxc4 36. Nf5 Kh8 37. bxc4 Nd3 38. Rb1 Nc5 39. Kf3 e6 40. Nd4 Rfc7 41. Rb6 Kg8 42. Ke3 Kf7 43. Rc1 Ra8 44. Rcb1 Nd7 45. Rb7 Ra7 46. Rxa7 Rxa7 47. Nc6 Rc7 48. Nb4 Nc5 49. Kd4 Rb7 50. Rb2 Nc7 51. Rb1 e5+ 52. Ke3 N7e6 53. Rb2 Nd4 54. Nd3 Rxb2 55. Nxb2 Ndb3 56. Nd3 Nxa5 57. Nxc5 dxc5 58. Kd3 Ke6 0-1

[Event "WCPL Full Ponty v Cardiff"]
[Site "?"]
[Date "2023.05.21"]
[Round "5"]
[White "Robinson, David"]
[Black "Wagner, Guy"]
[Result "1-0"]
[WhiteElo "1859"]
[BlackElo "1650"]
[PlyCount "125"]
[EventDate "2023.??.??"]

1. d4 e6 2. Nf3 f5 3. Bf4 Nf6 4. e3 b6 5. Nbd2 Bb7 6. Bd3 Bd6 7. Qe2 Nc6 8. c3 Ne7 9. Nc4 Bxf4 10. exf4 O-O 11. Ncd2 Qe8 12. O-O-O a5 13. Rhg1 a4 14. h3 Ned5 15. g3 a3 16. Nb1 axb2+ 17. Kxb2 Ra5 18. Ne5 Qa8 19. Ka1 Kh8 20. Rd2 Ne7 21. Rb2 Rd8 22. Nf7+ Kg8 23. Nxd8 Qxd8 24. Re1 Qa8 25. Qc2 Bg2 26. h4 Ng4 27. Bc4 Be4 28. Qe2 Bf3 29. Qd2 Bc6 30. Bd3 h6 31. c4 Nh2 32. Be2 Kf8 33. Nc3 Ra3 34. Rc1 Nf3 35. Bxf3 Bxf3 36. Nb5 Ra4 37. Nxc7 Qc8 38. Qc2 Ra3 39. Nb5 Be4 40. Qd2 Rd3 41. Qb4 Qd8 42. Rd2 Kg8 43. Rxd3 Bxd3 44. Qb3 Be4 45. Rd1 Qa8 46. Nc3 Bf3 47. Rd2 Qa5 48. Kb2 Nc6 49. Qb5 Qa7 50. d5 Na5 51. Qb4 Qc7 52. Rd4 e5 53. d6 Qc8 54. fxe5 Nc6 55. Qxb6 Nxd4 56. Qxd4 Qb7+ 57. Nb5 Qa6 58. Qc3 Qb6 59. Qe3 Qxe3 60. fxe3 g5 61. Nd4 f4 62. exf4 gxf4 63. Nxf3 1-0

[Event "WCPL Full Ponty v Cardiff"]
[Site "?"]
[Date "2023.05.21"]
[Round "5"]
[White "Harle, Bill"]
[Black "Macdonald, Duncan"]
[Result "0-1"]
[WhiteElo "1679"]
[BlackElo "1880"]
[PlyCount "64"]
[EventDate "2023.??.??"]

1. d4 Nf6 2. c4 e5 3. e3 exd4 4. exd4 d5 5. Nc3 Nc6 6. Be3 Bb4 7. a3 Bxc3+ 8. bxc3 O-O 9. Nf3 Ng4 10. Be2 Nxe3 11. fxe3 Re8 12. Qd2 Na5 13. Rb1 Nxc4 14. Bxc4 dxc4 15. O-O f6 16. Rfe1 Qd5 17. Qf2 Bf5 18. Rb4 a5 19. Rb2 b5 20. Nd2 c6 21. Qf3 Be4 22. Nxe4 Rxe4 23. a4 Rb8 24. Ra1 b4 25. Rc1 b3 26. Qg3 Rbe8 27. Re1 c5 28. dxc5 Qxc5 29. Kf2 f5 30. Rbe2 f4 31. Qh3 Rxe3 32. Rxe3 Rxe3 0-1

[Event "WCPL Abergavenny v White Knights"]
[Site "?"]
[Date "2023.05.21"]
[Round "5"]
[White "Powell, Lloyd"]
[Black "Kett, Tim"]
[Result "1/2-1/2"]
[WhiteElo "2108"]
[BlackElo "2220"]
[PlyCount "48"]
[EventDate "2023.??.??"]

1. d4 Nf6 2. c4 c5 3. d5 e6 4. Nc3 exd5 5. cxd5 d6 6. Nf3 g6 7. g3 Bg7 8. Bg2 O-O 9. O-O a6 10. a4 Re8 11. Bf4 Nh5 12. Bg5 Bf6 13. Bxf6 Qxf6 14. Nd2 Qe7 15. Qc2 Nd7 16. Nc4 Ne5 17. Nb6 Rb8 18. e4 Qc7 19. a5 c4 20. Kh1 Bd7 21. Rad1 Rbd8 22. f4 Ng4 23. Qe2 f5 24. Bf3 Nhf6 1/2-1/2

[Event "WCPL Abergavenny v White Knights"]
[Site "?"]
[Date "2023.05.21"]
[Round "5"]
[White "Pleasants, Allan"]
[Black "Miles, Richard"]
[Result "1/2-1/2"]
[WhiteElo "2048"]
[BlackElo "1965"]
[PlyCount "30"]
[EventDate "2023.??.??"]

1. Nf3 Nf6 2. g3 g6 3. Bg2 Bg7 4. d4 O-O 5. O-O d6 6. c4 Nbd7 7. Nc3 e5 8. h3 c6 9. Qc2 Re8 10. dxe5 dxe5 11. Be3 Qc7 12. Rfd1 Nb6 13. Nd2 Be6 14. b3 Bf5 15. Qb2 Rad8 1/2-1/2